| 000 | 00647nab a2200229 a 4500 | ||
|---|---|---|---|
| 005 | 20210219161504.0 | ||
| 008 | 991125s1985 mx 000 0 spa u | ||
| 035 | _aUPN01000186214 | ||
| 100 | 1 | _aPerdiguero, Eva María | |
| 222 | _aUNO : | ||
| 222 | _bREVISTA DE DIDACTICA DE LAS MATEMATICAS | ||
| 245 | _aMaterial interactivo para las series Más por menos y Universo matemático | ||
| 260 | _aBarcelona, España | ||
| 300 | _a9-14 | ||
| 362 | 0 | _a2012 No. 60, abr.-jun. | |
| 653 | 0 | _aSERIES DE TELEVISION | |
| 653 | 0 | _aGEOGEBRA | |
| 653 | 0 | _aSOFTWARE EDUCATIVO | |
| 653 | 0 | _aVIDEOS | |
| 653 | 0 | _aEXE-LEARNING | |
| 905 | _aArticulo | ||
| 999 |
_c158317 _d158317 |
||